<?xml version="1.0" encoding="UTF-8"?>
<record
    xmlns:xsi="http://www.w3.org/2001/XMLSchema-instance"
    xsi:schemaLocation="http://www.loc.gov/MARC21/slim http://www.loc.gov/standards/marcxml/schema/MARC21slim.xsd"
    xmlns="http://www.loc.gov/MARC21/slim">

  <leader>01131nam a2200241 a 4500</leader>
  <controlfield tag="001">BRCA_1412</controlfield>
  <controlfield tag="005">20190320203421.0</controlfield>
  <controlfield tag="008">040706s2004    ilua---###---#000-0#spa-#</controlfield>
  <datafield tag="020" ind1=" " ind2=" ">
    <subfield code="a">0974117102</subfield>
  </datafield>
  <datafield tag="050" ind1=" " ind2="4">
    <subfield code="a">F1391.C5</subfield>
    <subfield code="b">.R58 2004</subfield>
  </datafield>
  <datafield tag="245" ind1="1" ind2="0">
    <subfield code="a">Ritmo del fuego</subfield>
    <subfield code="b">el arte y los artesanos de Santa Clara del Cobre, Micho&#xE1;can, M&#xE9;xico = Rhythm of Fire : The Art and Artisans of Santa Clara del Cobre, Micho&#xE1;can, M&#xE9;xico</subfield>
    <subfield code="c">editora general Michele Feder-Nadoff ; colaboradores Gonzalo Arroyo R&#xED;os ... [et al.].</subfield>
  </datafield>
  <datafield tag="260" ind1=" " ind2=" ">
    <subfield code="a">Chicago, Illinois</subfield>
    <subfield code="b">Cuentos Foundation</subfield>
    <subfield code="c">2004</subfield>
  </datafield>
  <datafield tag="300" ind1=" " ind2=" ">
    <subfield code="a">595 p.</subfield>
    <subfield code="b">il. a color</subfield>
    <subfield code="c">20 cm.</subfield>
  </datafield>
  <datafield tag="500" ind1=" " ind2=" ">
    <subfield code="a">Incluye &#xED;ndice alfab&#xE9;tico, glosario y biograf&#xED;as de los colaboradores</subfield>
  </datafield>
  <datafield tag="504" ind1=" " ind2=" ">
    <subfield code="a">Bibliograf&#xED;a: p. 501-511</subfield>
  </datafield>
  <datafield tag="610" ind1="2" ind2="4">
    <subfield code="a">Santa Clara del Cobre (Micho&#xE1;can, M&#xE9;xico)</subfield>
    <subfield code="x">Historia</subfield>
    <subfield code="9">4611</subfield>
  </datafield>
  <datafield tag="650" ind1="1" ind2="4">
    <subfield code="a">&#xCD;ndigenas</subfield>
    <subfield code="x">Trabajo en metal</subfield>
    <subfield code="z">Micho&#xE1;can, M&#xE9;xico</subfield>
    <subfield code="9">4612</subfield>
  </datafield>
  <datafield tag="650" ind1="1" ind2="4">
    <subfield code="a">Trabajo en cobre</subfield>
    <subfield code="9">4505</subfield>
  </datafield>
  <datafield tag="700" ind1="1" ind2=" ">
    <subfield code="a">Feder-Nadoff, Michele</subfield>
    <subfield code="9">4613</subfield>
  </datafield>
  <datafield tag="700" ind1="1" ind2=" ">
    <subfield code="a">Arroyo R&#xED;os, Gonzalo</subfield>
    <subfield code="9">4614</subfield>
  </datafield>
  <datafield tag="740" ind1="0" ind2=" ">
    <subfield code="a">Rhythm of Fire : The Art and Artisans of Santa Clara del Cobre, Micho&#xE1;can, M&#xE9;xico</subfield>
  </datafield>
  <datafield tag="942" ind1=" " ind2=" ">
    <subfield code="2">lcc</subfield>
    <subfield code="c">B</subfield>
  </datafield>
  <datafield tag="999" ind1=" " ind2=" ">
    <subfield code="c">1274</subfield>
    <subfield code="d">1274</subfield>
  </datafield>
  <datafield tag="952" ind1=" " ind2=" ">
    <subfield code="0">0</subfield>
    <subfield code="1">0</subfield>
    <subfield code="4">0</subfield>
    <subfield code="7">0</subfield>
    <subfield code="a">BRCA</subfield>
    <subfield code="b">BRCA</subfield>
    <subfield code="d">2008-06-26</subfield>
    <subfield code="l">0</subfield>
    <subfield code="o">F1391.C5 .R58 2004</subfield>
    <subfield code="p">01938</subfield>
    <subfield code="r">2019-03-22 00:00:00</subfield>
    <subfield code="w">2019-03-22</subfield>
    <subfield code="y">B</subfield>
  </datafield>
</record>
